[Event "Ljubljana-chT 75th"]
[Site "Ljubljana"]
[Date "2023.02.16"]
[Round "4.1"]
[White "Lanjscek, Miha"]
[Black "Markoja, Sebastijan"]
[Result "0-1"]
[WhiteElo "1812"]
[BlackElo "2217"]
[PlyCount "78"]
[EventDate "2023.01.12"]
[EventType "team-swiss"]
[EventRounds "9"]
[EventCountry "SLO"]
[SourceTitle "EXT 2024"]
[Source "ChessBase"]
[SourceDate "2023.10.10"]
[SourceVersion "1"]
[SourceVersionDate "2023.10.10"]
[SourceQuality "1"]
[WhiteTeam "Trzin Pekos Pub"]
[BlackTeam "Dol"]
[WhiteTeamCountry "SLO"]
[BlackTeamCountry "SLO"]

1. d4 Nf6 2. c4 g6 3. Nc3 Bg7 4. e4 d6 5. Nf3 0-0 6. Be2 e5 7. 0-0 Nc6 8. d5 Ne7 9. Be3 Ng4 10. Bg5 f5 11. exf5 gxf5 12. h3 Nf6 13. Qd2 Bd7 14. Rac1 Kh8 15. b4 Qe8 16. Bxf6 Rxf6 17. b5 Bh6 18. Qc2 Bxb5 19. cxb5 Bxc1 20. Qxc1 Nxd5 21. Qg5 Qg6 22. Qxg6 hxg6 23. a3 Nf4 24. Bc4 d5 25. Bb3 e4 26. Nd4 Rd8 27. Rc1 Rd7 28. Ba4 b6 29. Bb3 Ne6 30. Nc6 d4 31. Ne5 Rd6 32. Nc4 Rd8 33. Ne5 Kg7 34. Nc6 Rd6 35. Nxa7 d3 36. Kf1 f4 37. Nc8 Rd7 38. Na7 e3 39. Bc4 e2+ 0-1

[Event "EU-chT U18"]
[Site "Karpacz"]
[Date "2015.07.16"]
[Round "4.26"]
[White "Markoja, Sebastijan"]
[Black "Tomczak, Mikolaj"]
[Result "0-1"]
[WhiteElo "2276"]
[BlackElo "2224"]
[PlyCount "166"]
[EventDate "2015.07.13"]
[EventType "team-swiss"]
[EventRounds "7"]
[EventCountry "POL"]
[SourceTitle "CBM 167 Extra"]
[Source "ChessBase"]
[SourceDate "2015.09.14"]
[SourceVersion "1"]
[SourceVersionDate "2015.09.14"]
[SourceQuality "1"]
[WhiteTeam "Slovenia (U18)"]
[BlackTeam "Poland (U18) II"]
[WhiteTeamCountry "SLO"]
[BlackTeamCountry "POL"]

1. e4 c5 2. Nf3 e6 3. d4 cxd4 4. Nxd4 d6 5. Nc3 a6 6. g3 Nf6 7. Bg2 Be7 8. 0-0 0-0 9. Be3 Qc7 10. a4 Nc6 11. Nb3 Na5 12. Nxa5 Qxa5 13. h3 Bd7 14. Qd4 Rfc8 15. Rfd1 Bc6 16. Qb6 Qxb6 17. Bxb6 Nd7 18. Be3 b5 19. axb5 axb5 20. Ne2 Nf6 21. f3 d5 22. e5 Nd7 23. f4 Nc5 24. Nd4 Bd7 25. Kf2 Na4 26. b3 Nc3 27. Rdc1 Ba3 28. Re1 Bb4 29. Rg1 Na2 30. Rab1 Bc3 31. Ne2 Nb4 32. Rgc1 Ra2 33. Nxc3 Rxc3 34. Bd2 Rcxc2 35. Rxc2 Nxc2 36. Bc3 Nd4+ 37. Kf1 Nf5 38. Bf3 Nxg3+ 39. Ke1 Rc2 40. Bd2 h6 41. Ra1 Rc8 42. Ra7 Bc6 43. Kf2 Nf5 44. Bh5 g6 45. Bg4 Nd4 46. Bd1 Be8 47. Ke3 Nf5+ 48. Kd3 h5 49. Bf3 Bc6 50. Ra6 Kg7 51. Bb4 Be8 52. Bd2 Kh6 53. Ra7 Rb8 54. Bb4 Kg7 55. Ra6 Rb7 56. Ra8 Bc6 57. Bf8+ Kh7 58. Bb4 Rb6 59. Ra7 Kg7 60. Bc5 Rb8 61. Bb4 Ra8 62. Rxa8 Bxa8 63. Bc3 Kf8 64. Be1 Ke8 65. Bf2 Kd7 66. b4 Bc6 67. Bc5 d4 68. Be4 Bxe4+ 69. Kxe4 Kc6 70. Bxd4 Ng3+ 71. Kd3 Kd5 72. Bf2 Ne4 73. Be3 g5 74. fxg5 Kxe5 75. Bc1 Nf2+ 76. Ke3 Nxh3 77. Kf3 Kf5 78. Kg3 Nxg5 79. Kh4 Nf3+ 80. Kxh5 e5 81. Kh6 e4 82. Kg7 Ke6 83. Bf4 Nd4 0-1

[Event "Nova Gorica op-A 20th"]
[Site "Nova Gorica"]
[Date "2015.02.04"]
[Round "8"]
[White "Drazic, Sinisa"]
[Black "Markoja, Sebastijan"]
[Result "1/2-1/2"]
[WhiteElo "2437"]
[BlackElo "2181"]
[PlyCount "120"]
[EventDate "2015.01.30"]
[EventType "swiss"]
[EventRounds "9"]
[EventCountry "SLO"]
[SourceTitle "CBM 164 Extra"]
[Source "ChessBase"]
[SourceDate "2015.03.02"]
[SourceVersion "1"]
[SourceVersionDate "2015.03.02"]
[SourceQuality "1"]

1. Nf3 Nf6 2. g3 g6 3. Bg2 Bg7 4. 0-0 d6 5. d4 0-0 6. Re1 Nbd7 7. e4 e5 8. Nc3 Re8 9. h3 c6 10. a4 Qc7 11. Be3 a5 12. Nd2 b6 13. Nc4 Bf8 14. Na3 Ba6 15. Qd2 Rad8 16. g4 Be7 17. d5 cxd5 18. exd5 Nc5 19. Nab5 Qb8 20. f4 Bb7 21. b3 Bf8 22. fxe5 dxe5 23. Rad1 Nfd7 24. g5 h6 25. h4 hxg5 26. hxg5 e4 27. Bf4 Ne5 28. Nxe4 Nxe4 29. Bxe4 Qc8 30. Kg2 Qg4+ 31. Bg3 Nc4 32. Qf4 Qxf4 33. Bxf4 Rxe4 34. Rxe4 Rxd5 35. Rxd5 Bxd5 36. Kf3 Na3 37. Nxa3 Bxa3 38. Be3 Be7 39. Bf4 Bc5 40. Be5 Be7 41. Bf4 Bc5 42. Bd2 Be7 43. c3 Kf8 44. b4 axb4 45. cxb4 Bc6 46. b5 Bd5 47. Bf4 Bc5 48. Bc7 f5 49. gxf6 Kf7 50. Kf4 g5+ 51. Kf5 Bxe4+ 52. Kxe4 Kxf6 53. Bd8+ Kg6 54. Kd5 Bf2 55. Ke4 Bc5 56. a5 bxa5 57. Bxa5 g4 58. Bd2 Kf6 59. Bc3+ Ke6 60. Be5 Bf2 1/2-1/2

[Event "Nova Gorica op-A 20th"]
[Site "Nova Gorica"]
[Date "2015.02.03"]
[Round "7"]
[White "Jelen, Igor"]
[Black "Markoja, Sebastijan"]
[Result "0-1"]
[WhiteElo "2422"]
[BlackElo "2181"]
[PlyCount "74"]
[EventDate "2015.01.30"]
[EventType "swiss"]
[EventRounds "9"]
[EventCountry "SLO"]
[SourceTitle "CBM 164 Extra"]
[Source "ChessBase"]
[SourceDate "2015.03.02"]
[SourceVersion "1"]
[SourceVersionDate "2015.03.02"]
[SourceQuality "1"]

1. d4 Nf6 2. c4 g6 3. Nc3 Bg7 4. e4 d6 5. Nf3 0-0 6. Be2 e5 7. 0-0 Nc6 8. d5 Ne7 9. b4 Nh5 10. Re1 a5 11. bxa5 Rxa5 12. a4 Nf4 13. Bf1 f5 14. Ba3 b6 15. Bb4 Ra8 16. Ra3 Bh6 17. a5 bxa5 18. Bxa5 fxe4 19. Nxe4 Bg4 20. c5 Qd7 21. cxd6 cxd6 22. Bb4 Rxa3 23. Bxa3 Nf5 24. Nxe5 Bxd1 25. Nxd7 Ra8 26. Bc1 Bc2 27. Nef6+ Kf7 28. g3 Nd4 29. Kh1 Nf3 30. Re3 Ra1 31. Rxf3 Rxc1 32. gxf4 Rxf1+ 33. Kg2 Rd1 34. Rc3 Bf5 35. Rc7 Bxd7 36. Nxh7 Ke7 37. Kf3 Rxd5 0-1

[Event "Nova Gorica op-A 20th"]
[Site "Nova Gorica"]
[Date "2015.02.01"]
[Round "5"]
[White "Markoja, Sebastijan"]
[Black "Ceschia, Ivano"]
[Result "1-0"]
[WhiteElo "2181"]
[BlackElo "2260"]
[PlyCount "117"]
[EventDate "2015.01.30"]
[EventType "swiss"]
[EventRounds "9"]
[EventCountry "SLO"]
[SourceTitle "CBM 164 Extra"]
[Source "ChessBase"]
[SourceDate "2015.03.02"]
[SourceVersion "1"]
[SourceVersionDate "2015.03.02"]
[SourceQuality "1"]

1. e4 d6 2. d4 Nf6 3. Nc3 Nbd7 4. Nf3 e5 5. Bc4 Be7 6. 0-0 0-0 7. Re1 c6 8. a4 Qc7 9. b3 Nb6 10. Be2 Bg4 11. h3 Bh5 12. g4 Bg6 13. Bf1 exd4 14. Nxd4 d5 15. e5 Ne4 16. Nxe4 dxe4 17. Bb2 Bb4 18. c3 Bc5 19. a5 Nd5 20. c4 Nf4 21. Nf5 Rad8 22. Qc2 Nd3 23. Bxd3 exd3 24. Qd2 Bxf5 25. gxf5 Qd7 26. b4 Bd4 27. Bxd4 Qxd4 28. c5 Rfe8 29. Ra3 Rd5 30. Re3 Red8 31. Rg3 Qxe5 32. Raxd3 Qxg3+ 33. fxg3 Rxd3 34. Qf4 Rd2 35. f6 gxf6 36. Qxf6 a6 37. h4 R8d3 38. Qe5 f6 39. Qxf6 Rxg3+ 40. Kf1 Rgg2 41. Qe6+ Kg7 42. Qe7+ Kg6 43. Qe6+ Kh5 44. Qf5+ Kxh4 45. Qf4+ Kh5 46. Qf5+ Kh4 47. Qf4+ Kh3 48. Qf3+ Kh2 49. Qf4+ Kh1 50. Qh4+ Rh2 51. Qe4+ Rdg2 52. Qf3 h5 53. Qe4 h4 54. Qf3 h3 55. Qe4 b5 56. cxb6 c5 57. b7 cxb4 58. b8Q b3 59. Qb6 1-0

[Event "Nova Gorica op-A 20th"]
[Site "Nova Gorica"]
[Date "2015.02.01"]
[Round "4"]
[White "Pridigar, Lovro"]
[Black "Markoja, Sebastijan"]
[Result "0-1"]
[WhiteElo "1623"]
[BlackElo "2181"]
[PlyCount "26"]
[EventDate "2015.01.30"]
[EventType "swiss"]
[EventRounds "9"]
[EventCountry "SLO"]
[SourceTitle "CBM 164 Extra"]
[Source "ChessBase"]
[SourceDate "2015.03.02"]
[SourceVersion "1"]
[SourceVersionDate "2015.03.02"]
[SourceQuality "1"]

1. d4 Nf6 2. Nf3 g6 3. Nc3 d5 4. Bg5 Bg7 5. Qd2 Ne4 6. Qe3 Nxg5 7. Qxg5 Bf5 8. 0-0-0 h5 9. e3 h4 10. Kb1 Rh5 11. Qf4 Bh6 12. Ng5 Bxg5 13. Qf3 c6 0-1

[Event "Nova Gorica op-A 20th"]
[Site "Nova Gorica"]
[Date "2015.01.30"]
[Round "1"]
[White "Markoja, Sebastijan"]
[Black "Winkler, Silvo"]
[Result "1-0"]
[WhiteElo "2181"]
[BlackElo "1675"]
[PlyCount "51"]
[EventDate "2015.01.30"]
[EventType "swiss"]
[EventRounds "9"]
[EventCountry "SLO"]
[SourceTitle "CBM 164 Extra"]
[Source "ChessBase"]
[SourceDate "2015.03.02"]
[SourceVersion "1"]
[SourceVersionDate "2015.03.02"]
[SourceQuality "1"]

1. e4 c6 2. d4 d5 3. e5 Bf5 4. Nd2 e6 5. Nb3 Nd7 6. Nf3 Qc7 7. Be2 c5 8. dxc5 Nxc5 9. Nxc5 Qxc5 10. Nd4 Ne7 11. c3 a6 12. Qa4+ Nc6 13. Bb5 Rc8 14. Bxc6+ bxc6 15. Qxa6 Kd7 16. Be3 Qe7 17. 0-0 g5 18. Rfd1 Bg7 19. c4 Bg6 20. Rac1 Bxe5 21. cxd5 exd5 22. Nxc6 Bxh2+ 23. Kxh2 Qd6+ 24. Kg1 Rxc6 25. Qb7+ Rc7 26. Rxc7+ 1-0

[Event "SLO-chT2 West"]
[Site "Ljubljana"]
[Date "2014.10.18"]
[Round "3.1"]
[White "Markoja, Sebastijan"]
[Black "Krumpak, Hinko"]
[Result "0-1"]
[WhiteElo "2205"]
[BlackElo "2140"]
[PlyCount "60"]
[EventDate "2014.10.17"]
[EventType "team-tourn"]
[EventRounds "9"]
[EventCountry "SLO"]
[SourceTitle "EXT 2019"]
[Source "ChessBase"]
[SourceDate "2018.10.10"]
[SourceVersion "1"]
[SourceVersionDate "2018.10.10"]
[SourceQuality "1"]
[WhiteTeam "Komenda II"]
[BlackTeam "Sticna Visnja Gora"]
[WhiteTeamCountry "SLO"]
[BlackTeamCountry "SLO"]

1. e4 e6 2. d4 d5 3. Nd2 dxe4 4. Nxe4 Nd7 5. Nf3 Ngf6 6. Nxf6+ Nxf6 7. Be3 Nd5 8. Bg5 Be7 9. Bxe7 Qxe7 10. Qd2 0-0 11. Bd3 c5 12. dxc5 Qxc5 13. 0-0 Nf6 14. Rfe1 Bd7 15. Re5 Qe7 16. Rae1 Rfd8 17. Nd4 Qf8 18. Rg5 g6 19. h4 Be8 20. Qf4 Qg7 21. Nf3 Nd5 22. Qg3 Qxb2 23. h5 Qg7 24. hxg6 hxg6 25. Nh4 Ne7 26. Be4 Rac8 27. Ra5 Bc6 28. Rxa7 Bxe4 29. Rxe4 Rxc2 30. Re1 Qb2 0-1

[Event "SLO-chT Central Superliga 14th"]
[Site "Slovenia"]
[Date "2013.11.14"]
[Round "7.1"]
[White "Krumpak, Hinko"]
[Black "Markoja, Sebastijan"]
[Result "1-0"]
[WhiteElo "2104"]
[BlackElo "2082"]
[PlyCount "71"]
[EventDate "2013.09.19"]
[EventType "team-tourn"]
[EventRounds "9"]
[EventCountry "SLO"]
[SourceTitle "EXT 2022"]
[Source "ChessBase"]
[SourceDate "2021.10.06"]
[SourceVersion "1"]
[SourceVersionDate "2021.10.06"]
[SourceQuality "1"]
[WhiteTeam "Visnja Gora Sticna"]
[BlackTeam "Komenda Popotnik"]
[WhiteTeamCountry "SLO"]
[BlackTeamCountry "SLO"]

1. d4 Nf6 2. Nf3 g6 3. b3 Bg7 4. Bb2 d6 5. g3 0-0 6. Bg2 Nbd7 7. 0-0 e5 8. dxe5 Ng4 9. Nbd2 Ngxe5 10. Nxe5 Nxe5 11. Rb1 Rb8 12. e4 f5 13. f4 Ng4 14. Bxg7 Kxg7 15. Qf3 Qf6 16. c3 Bd7 17. h3 Nh6 18. Rbe1 Bc6 19. Qd3 Rbe8 20. exf5 Bxg2 21. Kxg2 Rxe1 22. Rxe1 Qxf5 23. Qd4+ Qf6 24. Nf3 Nf5 25. Qxf6+ Kxf6 26. Ng5 Rh8 27. Re6+ Kg7 28. g4 Nh4+ 29. Kg3 h6 30. Kxh4 hxg5+ 31. Kxg5 Rxh3 32. Re7+ Kf8 33. Rxc7 Rxc3 34. Rxb7 Rxb3 35. Rxa7 Ra3 36. Rxa3 1-0

[Event "SLO-chT2 West"]
[Site "Ljubljana"]
[Date "2013.11.10"]
[Round "4.1"]
[White "Markoja, Sebastijan"]
[Black "Janzelj, Tim"]
[Result "1/2-1/2"]
[WhiteElo "2092"]
[BlackElo "2287"]
[PlyCount "80"]
[EventDate "2013.11.08"]
[EventType "team"]
[EventRounds "9"]
[EventCountry "SLO"]
[SourceTitle "EXT 2015"]
[Source "ChessBase"]
[SourceDate "2014.11.20"]
[SourceVersion "1"]
[SourceVersionDate "2014.11.20"]
[SourceQuality "1"]
[WhiteTeam "Komenda Popotnik"]
[BlackTeam "Ig"]
[WhiteTeamCountry "SLO"]
[BlackTeamCountry "SLO"]

1. e4 e5 2. Nf3 Nc6 3. Bb5 a6 4. Ba4 Nf6 5. 0-0 Be7 6. Re1 b5 7. Bb3 d6 8. c3 0-0 9. d4 Bg4 10. d5 Na5 11. Bc2 c6 12. h3 Bc8 13. dxc6 Qc7 14. Nbd2 Qxc6 15. Nf1 Rd8 16. Ng3 Nc4 17. Qe2 Be6 18. Ng5 Rac8 19. Nxe6 fxe6 20. Bb3 Rf8 21. a4 Nd7 22. axb5 axb5 23. Kh2 d5 24. Rd1 Nc5 25. Bc2 d4 26. cxd4 exd4 27. e5 Rcd8 28. Ra7 d3 29. Bxd3 Nxd3 30. Rxe7 Ncxe5 31. f4 Ng6 32. Qxe6+ Qxe6 33. Rxe6 Nxc1 34. Rxc1 Nxf4 35. Rec6 Rd2 36. R1c2 Rfd8 37. Ne4 Rxc2 38. Rxc2 Rd4 39. Nc5 Nd5 40. Kg3 Kf7 1/2-1/2

[Event "EU-ch U16 23rd"]
[Site "Budva"]
[Date "2013.10.08"]
[Round "9"]
[White "Rydstrom, Tom"]
[Black "Markoja, Sebastijan"]
[Result "0-1"]
[WhiteElo "2184"]
[BlackElo "2082"]
[PlyCount "108"]
[EventDate "2013.09.29"]
[EventType "swiss"]
[EventRounds "9"]
[EventCountry "MNE"]
[SourceTitle "CBM 156 Extra"]
[Source "ChessBase"]
[SourceDate "2013.10.22"]
[SourceVersion "1"]
[SourceVersionDate "2013.10.22"]
[SourceQuality "1"]

1. e4 c5 2. Nf3 d6 3. d4 cxd4 4. Nxd4 Nf6 5. Nc3 a6 6. Bg5 e6 7. Bc4 b5 8. Bb3 Nbd7 9. f3 Nc5 10. Qd2 Bd7 11. a3 Be7 12. Be3 Nxb3 13. Nxb3 0-0 14. 0-0 Rc8 15. Rfd1 Rc4 16. Qf2 Qb8 17. Rd2 h6 18. Rad1 e5 19. Na2 Be6 20. Nb4 Qa8 21. Na5 Rcc8 22. h3 Rfd8 23. Bb6 Rd7 24. Nd5 Bxd5 25. exd5 Bd8 26. Bxd8 Rdxd8 27. Qb6 Rd7 28. b3 Rc5 29. c4 bxc4 30. bxc4 Qa7 31. Qxa7 Rxa7 32. Nc6 Rc7 33. Rc1 Nxd5 34. Nb8 Nf4 35. g3 Nxh3+ 36. Kg2 Ng5 37. Nxa6 Rxc4 38. Nxc7 Rxc1 39. Nb5 d5 40. Ra2 Ne6 41. a4 Nc5 42. a5 Na6 43. Nd6 d4 44. Kf2 Rc5 45. Ke2 Kf8 46. Nb7 Rb5 47. Nd6 Rb3 48. Nc4 Ke7 49. f4 f6 50. Nd2 Rb5 51. Kf3 Kd6 52. Ke4 Ke6 53. f5+ Kd6 54. Nc4+ Kc6 0-1

[Event "EU-ch U16 23rd"]
[Site "Budva"]
[Date "2013.10.02"]
[Round "4"]
[White "Motovilnik, Jurij"]
[Black "Markoja, Sebastijan"]
[Result "1/2-1/2"]
[WhiteElo "1841"]
[BlackElo "2082"]
[PlyCount "80"]
[EventDate "2013.09.29"]
[EventType "swiss"]
[EventRounds "9"]
[EventCountry "MNE"]
[SourceTitle "CBM 156 Extra"]
[Source "ChessBase"]
[SourceDate "2013.10.22"]
[SourceVersion "1"]
[SourceVersionDate "2013.10.22"]
[SourceQuality "1"]

1. Nf3 Nf6 2. b3 g6 3. Bb2 Bg7 4. c4 d6 5. d4 0-0 6. Nc3 Nbd7 7. g3 c6 8. Bg2 Qc7 9. 0-0 Re8 10. e4 e5 11. d5 c5 12. Ne1 a6 13. Nd3 Rb8 14. a4 Nf8 15. f4 exf4 16. gxf4 Ng4 17. Qd2 Bd4+ 18. Kh1 Ne3 19. Rfe1 Nxg2 20. Qxg2 Qb6 21. Ra3 Qa5 22. Nd1 Bxb2 23. Qxb2 Bg4 24. Qc3 Qd8 25. N3f2 Bh5 26. a5 Nd7 27. Qg3 Qf6 28. Nc3 Qd4 29. Raa1 b6 30. axb6 Rxb6 31. Na4 Rb4 32. Rab1 Rb7 33. Re3 Qg7 34. Rbe1 f6 35. Ng4 Bxg4 36. Qxg4 Re7 37. Qg3 Rb8 38. Nb2 Rbe8 39. Nd3 a5 40. Kg2 Kh8 1/2-1/2

[Event "World ol U16 12th"]
[Site "Chongqing"]
[Date "2013.07.28"]
[Round "9"]
[White "Markoja, Sebastijan"]
[Black "Smirnov, Anton"]
[Result "0-1"]
[WhiteElo "2095"]
[BlackElo "2289"]
[PlyCount "56"]
[EventDate "2013.07.22"]
[EventType "team-swiss"]
[EventRounds "10"]
[EventCountry "CHN"]
[SourceTitle "EXT 2016"]
[Source "ChessBase"]
[SourceDate "2015.10.08"]
[SourceVersion "1"]
[SourceVersionDate "2015.10.08"]
[SourceQuality "1"]
[WhiteTeam "Slovenia (U16)"]
[BlackTeam "Australia (U16)"]
[WhiteTeamCountry "SLO"]
[BlackTeamCountry "AUS"]

1. e4 e5 2. Nf3 Nc6 3. Bb5 a6 4. Ba4 Nf6 5. 0-0 Nxe4 6. d4 b5 7. Bb3 d5 8. dxe5 Be6 9. c3 Bc5 10. Nbd2 0-0 11. Bc2 Nxf2 12. Rxf2 f6 13. exf6 Bxf2+ 14. Kxf2 Qxf6 15. Nb3 Ne5 16. Kg1 Rae8 17. Be3 Nxf3+ 18. Qxf3 Qxf3 19. gxf3 Rxf3 20. Bd2 Bh3 21. Nd4 Rf6 22. b4 Ref8 23. Bd3 Rf2 24. Be3 Rb2 25. a3 Re8 26. Re1 Rg2+ 27. Kh1 Ra2 28. Bc2 Rxe3 0-1

[Event "EU-chT U18"]
[Site "Maribor"]
[Date "2013.07.11"]
[Round "6"]
[White "Markoja, Sebastijan"]
[Black "Ostovic, Matija"]
[Result "0-1"]
[WhiteElo "2095"]
[BlackElo "2316"]
[PlyCount "86"]
[EventDate "2013.07.06"]
[EventType "team-tourn"]
[EventRounds "7"]
[EventCountry "SLO"]
[SourceTitle "CBM 155 Extra"]
[Source "ChessBase"]
[SourceDate "2013.08.26"]
[SourceVersion "1"]
[SourceVersionDate "2013.08.26"]
[SourceQuality "1"]
[WhiteTeam "Slovenia U18"]
[BlackTeam "Croatia U18"]
[WhiteTeamCountry "SLO"]
[BlackTeamCountry "CRO"]

1. e4 d6 2. d4 Nf6 3. Nc3 e5 4. Nf3 Nbd7 5. Bc4 Be7 6. 0-0 Nb6 7. Be2 exd4 8. Nxd4 0-0 9. Re1 c6 10. Bf1 d5 11. exd5 Nbxd5 12. Nxd5 Nxd5 13. c4 Nc7 14. Be3 Bf6 15. Qd3 Ne6 16. Nxe6 Qxd3 17. Bxd3 Bxe6 18. Rab1 Rad8 19. Red1 Rfe8 20. h3 Rd7 21. b3 Red8 22. Bc2 Bd4 23. Rxd4 Rxd4 24. Bxd4 Rxd4 25. Rd1 Rxd1+ 26. Bxd1 Kf8 27. Kf1 Ke7 28. Ke2 Kd6 29. Kd3 Ke5 30. Ke3 g5 31. g4 f5 32. f3 Bf7 33. gxf5 h5 34. Bc2 Be8 35. f4+ gxf4+ 36. Kf3 Bd7 37. f6 Kxf6 38. Kxf4 Bxh3 39. c5 Be6 40. a4 a5 41. Kg3 Ke5 42. Kh4 Kd4 43. Kxh5 Kc3 0-1

[Event "SLO-ch 23rd"]
[Site "Sentjur"]
[Date "2013.04.09"]
[Round "4"]
[White "Cretnik, Urban"]
[Black "Markoja, Sebastijan"]
[Result "1/2-1/2"]
[WhiteElo "1806"]
[BlackElo "2092"]
[PlyCount "38"]
[EventDate "2013.04.06"]
[EventType "swiss"]
[EventRounds "9"]
[EventCountry "SLO"]
[SourceTitle "CBM 153 Extra"]
[Source "ChessBase"]
[SourceDate "2013.04.22"]
[SourceVersion "1"]
[SourceVersionDate "2013.04.22"]
[SourceQuality "1"]

1. e4 e5 2. Nf3 Nc6 3. Bb5 a6 4. Ba4 Nf6 5. 0-0 b5 6. Bb3 Bb7 7. c3 Nxe4 8. d4 exd4 9. Qe2 d5 10. Ng5 Be7 11. Nxf7 Kxf7 12. Qxe4 Na5 13. Qf3+ Bf6 14. cxd4 Nxb3 15. axb3 Rf8 16. Bg5 Kg8 17. Bxf6 Rxf6 18. Qc3 Qd7 19. Nd2 Re8 1/2-1/2

[Event "Ljubljana-chT 66th Superliga"]
[Site "Ljubljana"]
[Date "2013.01.10"]
[Round "1.1"]
[White "Markoja, Sebastijan"]
[Black "Hribar, Bojan"]
[Result "0-1"]
[WhiteElo "2126"]
[BlackElo "2278"]
[PlyCount "134"]
[EventDate "2013.01.10"]
[EventType "team-tourn"]
[EventRounds "9"]
[EventCountry "SLO"]
[SourceTitle "EXT 2022"]
[Source "ChessBase"]
[SourceDate "2021.10.06"]
[SourceVersion "1"]
[SourceVersionDate "2021.10.06"]
[SourceQuality "1"]
[WhiteTeam "Komenda Pogi"]
[BlackTeam "Komenda Popotnik"]
[WhiteTeamCountry "SLO"]
[BlackTeamCountry "SLO"]

1. e4 e5 2. Nf3 Nc6 3. Bb5 a6 4. Ba4 Nf6 5. 0-0 Be7 6. Bxc6 dxc6 7. Qe1 Nd7 8. b3 0-0 9. Bb2 f6 10. d4 exd4 11. Nxd4 Ne5 12. Qe2 Qe8 13. Nd2 Bd6 14. Nc4 Nxc4 15. Qxc4+ Kh8 16. Rae1 Bd7 17. b4 a5 18. a3 axb4 19. axb4 Ra4 20. Qd3 Rxb4 21. Bc3 Ra4 22. Nf5 Bxf5 23. exf5 Qh5 24. g3 Ra3 25. Ra1 Rxa1 26. Rxa1 Re8 27. Re1 Kg8 28. Rb1 b5 29. Bb4 Rd8 30. Re1 Qf7 31. Re6 Qf8 32. Qb3 Kh8 33. Bc3 h6 34. Qa2 Kh7 35. Qb1 Ra8 36. Qd1 Qf7 37. Qf3 b4 38. Qxc6 Ra5 39. Bd2 Qh5 40. Qe4 Qxf5 41. g4 Qxe4 42. Rxe4 c5 43. Bf4 Ra6 44. Be3 Kg6 45. h4 Rc6 46. Rc4 Kf7 47. Kf1 Ke6 48. Re4+ Kd5 49. Re8 Kc4 50. Ke2 Kc3 51. Kd1 Ra6 52. Bd2+ Kc4 53. Re6 Kd5 54. Re8 c4 55. Rd8 Ke4 56. Rc8 c3 57. Be3 Kf3 58. Rc4 Ra1+ 59. Bc1 Kxf2 60. g5 hxg5 61. hxg5 fxg5 62. Rd4 Bg3 63. Rxb4 Kf3 64. Rb1 Ra5 65. Bxg5 Rxg5 66. Rb3 Be5 67. Rxc3+ Bxc3 0-1